[Event "FRA T.IV"]
[Site "Toulouse"]
[Date "2005.02.06"]
[Round "?"]
[White "Sangoi, Jean Jacques"]
[Black "Besset, Thierry"]
[Result "0-1"]
[WhiteElo "1780"]
[BlackElo "1740"]
[PlyCount "94"]
[EventDate "2005.??.??"]
[EventType "team-match"]
[EventCountry "FRA"]

1. d4 Nf6 2. c4 e5 3. d5 Bc5 4. e3 d6 5. Nc3 O-O 6. Be2 Kh8 7. Nf3 Ng4 8. h3
Nh6 9. Na4 Nd7 10. Nxc5 Nxc5 11. b4 Ne4 12. Bd3 f5 13. Nh2 Qh4 14. O-O Ng5 15.
f4 Ngf7 16. Bd2 e4 17. Be2 Bd7 18. a4 Ng8 19. Bc3 Nf6 20. Qd4 b6 21. b5 Nd8 22.
a5 Nb7 23. axb6 axb6 24. Bd2 Nc5 25. Rxa8 Rxa8 26. Ra1 Rxa1+ 27. Qxa1 Ne8 28.
Bc3 h6 29. Nf1 Kh7 30. Qd1 Qd8 31. Ng3 Qa8 32. Nh5 Qa3 33. Qa1 Qxa1+ 34. Bxa1
Kg6 35. g4 Nb3 36. Bc3 Nc1 37. Bd1 Nd3 38. Kg2 fxg4 39. hxg4 Nf6 40. f5+ Kg5
41. Kg3 Nxh5+ 42. gxh5 Ne5 43. Be1 Nxc4 44. Bg4 Bxf5 45. Be2 Ne5 46. Bc3 g6 47.
hxg6 Bxg6 0-1

[Event "FRA T.IV"]
[Site "Toulouse"]
[Date "2005.04.04"]
[Round "?"]
[White "Sangoi, Jean Jacques"]
[Black "Curato, Rene"]
[Result "1-0"]
[WhiteElo "1780"]
[BlackElo "1630"]
[PlyCount "87"]
[EventDate "2005.??.??"]
[EventType "team-match"]
[EventCountry "FRA"]

1. d4 e6 2. c4 Nf6 3. Nc3 d5 4. f3 c5 5. e3 Nc6 6. cxd5 Nxd5 7. Bb5 Qd6 8. Nge2
Nc7 9. O-O a6 10. Bxc6+ Qxc6 11. Bd2 Be7 12. Rc1 O-O 13. Na4 c4 14. b3 b5 15.
Nb2 Ba3 16. Qc2 Nd5 17. e4 Bxb2 18. exd5 Bxd4+ 19. Nxd4 Qxd5 20. Be3 cxb3 21.
Qxb3 Bb7 22. Rc7 Rfc8 23. Rfc1 Rxc7 24. Rxc7 Qxb3 25. axb3 Bd5 26. b4 g6 27.
Bg5 Kg7 28. Be7 Bc4 29. Nc6 Bd5 30. Bc5 Bxc6 31. Rxc6 a5 32. Rb6 axb4 33. Bxb4
h5 34. h4 Re8 35. f4 Rc8 36. Rxb5 Rc4 37. Bd6 Re4 38. Kf2 Rc4 39. Rc5 Re4 40.
Kf3 Ra4 41. Be5+ f6 42. Rc7+ Kh6 43. Bxf6 Rxf4+ 44. Kxf4 1-0

[Event "FRA T.IV"]
[Site "Toulouse"]
[Date "2005.03.13"]
[Round "?"]
[White "Schegerin, Andre"]
[Black "De Biasi, Robert"]
[Result "1-0"]
[WhiteElo "1840"]
[BlackElo "1908"]
[PlyCount "143"]
[EventDate "2005.??.??"]
[EventType "team-match"]
[EventCountry "FRA"]

1. d3 e5 2. Nf3 Nc6 3. g3 Nf6 4. Bg5 Be7 5. Bg2 d5 6. c3 h6 7. Bxf6 Bxf6 8. O-O
O-O 9. Qc2 Be6 10. Nbd2 Ne7 11. e4 c5 12. Ne1 d4 13. c4 Qd7 14. f4 exf4 15.
gxf4 Bh3 16. Rf3 Bxg2 17. Nxg2 Ng6 18. Raf1 Nh4 19. Rg3 Nxg2 20. Rxg2 Be7 21.
Nf3 f6 22. Nh4 Rf7 23. Qe2 Kf8 24. Nf5 Bd6 25. Qh5 Re8 26. Qg6 Re6 27. Qh7 Ke8
28. Nxg7+ Kd8 29. Nxe6+ Qxe6 30. Qxh6 Kc7 31. Qh5 Qd7 32. Qd5 b6 33. Qa8 a5 34.
Qa7+ Kc6 35. Qxd7+ Kxd7 36. a4 Rh7 37. Rf3 Rh4 38. Rgf2 Ke6 39. h3 Be7 40. Kg2
f5 41. Re2 Bd6 42. Kg3 Rh7 43. e5 Be7 44. Rg2 Kf7 45. Kh2 Bh4 46. Rf1 Rg7 47.
Rfg1 Rxg2+ 48. Rxg2 Be1 49. e6+ Ke7 50. Rg7+ Kxe6 51. Rg6+ Kf7 52. Rxb6 Bd2 53.
Kg3 Be1+ 54. Kf3 Bd2 55. h4 Be1 56. h5 Kg7 57. Rd6 Bb4 58. Ke2 Kf7 59. h6 Kg8
60. Rd7 Kh8 61. Rd5 Kh7 62. Rxf5 Kxh6 63. Kf3 Kg6 64. Ke4 Kg7 65. Rd5 Kf6 66.
Rd6+ Ke7 67. Kd5 Bd2 68. Re6+ Kd7 69. f5 Bf4 70. Kxc5 Bd2 71. Kxd4 Bb4 72. Kd5
1-0

[Event "FRA T.IV"]
[Site "Toulouse"]
[Date "2005.02.06"]
[Round "?"]
[White "Schegerin, Andre"]
[Black "Jacquart, Christian"]
[Result "1-0"]
[WhiteElo "1840"]
[BlackElo "1920"]
[PlyCount "61"]
[EventDate "2005.??.??"]
[EventType "team-match"]
[EventCountry "FRA"]

1. d3 d5 2. Nf3 Bf5 3. g3 Nf6 4. Bg2 Nbd7 5. O-O e6 6. Nh4 Bg4 7. Re1 Bd6 8.
Bg5 h6 9. Bxf6 Qxf6 10. c3 O-O 11. Qc2 c6 12. Nd2 e5 13. e4 Bc5 14. Nhf3 Rfe8
15. a4 Rad8 16. b4 Bb6 17. a5 Bc7 18. b5 Nc5 19. Nxe5 Bxe5 20. d4 Nxe4 21. Nxe4
dxe4 22. dxe5 Rxe5 23. bxc6 bxc6 24. Bxe4 Rde8 25. Re3 R8e7 26. Rae1 Kh8 27.
Qa4 Bh3 28. f4 Rc5 29. Qa3 Rc4 30. Bd3 Rxe3 31. Qf8# 1-0

[Event "FRA T.IV"]
[Site "Toulouse"]
[Date "2005.04.04"]
[Round "?"]
[White "Schegerin, Andre"]
[Black "Riviere, Frederic"]
[Result "1-0"]
[WhiteElo "1840"]
[BlackElo "1870"]
[PlyCount "81"]
[EventDate "2005.??.??"]
[EventType "team-match"]
[EventCountry "FRA"]

1. d3 d5 2. Nf3 Nc6 3. d4 Bg4 4. Bf4 Nf6 5. Nbd2 e6 6. e3 Bd6 7. Be2 Bxf4 8.
exf4 O-O 9. c3 Bf5 10. O-O Ne7 11. Ne5 Nd7 12. b4 a5 13. a3 f6 14. Nd3 Bxd3 15.
Bxd3 e5 16. fxe5 fxe5 17. dxe5 Nxe5 18. Bxh7+ Kxh7 19. Qh5+ Kg8 20. Qxe5 axb4
21. axb4 Rxa1 22. Rxa1 Qd7 23. Re1 Nf5 24. Nf3 c6 25. h3 Nd6 26. Qd4 Ne4 27.
Rxe4 Qf5 28. Re5 Qg6 29. Rg5 Qh6 30. Qg4 Qf6 31. Qd4 Qh6 32. Rg3 Rf4 33. Qd2
Qf6 34. Nd4 Re4 35. Re3 Qg5 36. Nf3 Qf5 37. Rxe4 Qxe4 38. Nd4 Qe5 39. Qe3 Qh5
40. g4 Qg6 41. Qe6+ 1-0

[Event "FRA T.IV"]
[Site "Toulouse"]
[Date "2005.02.06"]
[Round "?"]
[White "Tanguy, Fabien"]
[Black "Lacroix, Romain"]
[Result "0-1"]
[WhiteElo "2093"]
[BlackElo "2065"]
[PlyCount "96"]
[EventDate "2005.??.??"]
[EventType "team-match"]
[EventCountry "FRA"]

1. g3 d5 2. Bg2 c6 3. d4 Nf6 4. Nf3 Bf5 5. O-O h6 6. b3 e6 7. c4 Be7 8. Nc3
Nbd7 9. Nh4 Bh7 10. Bb2 Nb6 11. c5 Nbd7 12. Re1 O-O 13. e4 Nxe4 14. Bxe4 dxe4
15. Ng2 Nf6 16. b4 Nd5 17. Nxe4 Nxb4 18. a3 Nd5 19. Qd2 Qd7 20. Rad1 Rfd8 21.
f3 b6 22. Qc1 Qb7 23. Ba1 Rd7 24. Ne3 Nxe3 25. Qxe3 Rad8 26. Qc3 Bxe4 27. fxe4
Bf6 28. e5 Be7 29. cxb6 axb6 30. Rf1 c5 31. d5 Rxd5 32. Qf3 Bf8 33. Rb1 R5d7
34. Qg4 Rd2 35. Qf3 Qxf3 36. Rxf3 Rd1+ 37. Rf1 Rxb1 38. Rxb1 c4 39. Kg2 Rd2+
40. Kh3 Ra2 41. Bd4 Rd2 42. Bxb6 Bxa3 43. Ra1 Bb2 44. Ra2 c3 45. Ra8+ Kh7 46.
Ba5 Rd5 47. Bxc3 Bxc3 48. Ra7 Kg6 0-1

[Event "FRA T.IV"]
[Site "Toulouse"]
[Date "2005.01.09"]
[Round "?"]
[White "Tanguy, Fabien"]
[Black "Pantioukhine, Slava"]
[Result "1-0"]
[WhiteElo "2093"]
[BlackElo "2260"]
[PlyCount "83"]
[EventDate "2005.??.??"]
[EventType "team-match"]
[EventCountry "FRA"]

1. c4 c5 2. Nc3 Nf6 3. g3 Nc6 4. Bg2 b6 5. b4 cxb4 6. Nd5 e6 7. Nxf6+ Qxf6 8.
Rb1 Qd4 9. Qc2 Ba6 10. d3 Bc5 11. e3 Qc3+ 12. Qxc3 bxc3 13. Ne2 c2 14. Rb2 Rd8
15. Rxc2 Bb4+ 16. Bd2 Ne5 17. Nf4 g5 18. Bxb4 gxf4 19. Bc3 f3 20. Bxe5 fxg2 21.
Rg1 Rg8 22. Rxg2 Ke7 23. f4 Rc8 24. Rc3 f6 25. Bd4 Bb7 26. Rb2 d6 27. Ra3 Ra8
28. Rb5 e5 29. Bc3 Bc6 30. Rb2 Ke6 31. Rf2 b5 32. fxe5 fxe5 33. d4 bxc4 34.
dxe5 dxe5 35. Ra6 Rgc8 36. Ra5 e4 37. Re5+ Kd6 38. Rf6+ Kc7 39. Re7+ Kb6 40.
Rxh7 Rh8 41. Bd4+ Kb5 42. Rf5+ 1-0

[Event "FRA T.IV"]
[Site "Toulouse"]
[Date "2005.03.13"]
[Round "?"]
[White "Thet, Sylvain"]
[Black "Blondelon, Paul"]
[Result "1-0"]
[WhiteElo "1780"]
[BlackElo "1470"]
[PlyCount "101"]
[EventDate "2005.??.??"]
[EventType "team-match"]
[EventCountry "FRA"]

1. Nf3 d6 2. d4 Nf6 3. c4 g6 4. Nc3 Bg7 5. e4 O-O 6. Be2 Nc6 7. O-O a6 8. d5
Ne5 9. Nxe5 dxe5 10. Be3 b6 11. Rc1 Ne8 12. f3 Nd6 13. Qb3 Bd7 14. a3 f5 15. c5
bxc5 16. Bxc5 Qb8 17. Qxb8 Rfxb8 18. b4 f4 19. Rb1 Kf7 20. Rfc1 Nb5 21. Nxb5
Bxb5 22. Bc4 Bxc4 23. Rxc4 Ke8 24. Rbc1 Rc8 25. Bb6 Kd7 26. Rxc7+ Rxc7 27.
Rxc7+ Kd6 28. Rc6+ Kd7 29. Bc5 Bf8 30. Re6 a5 31. Rc6 axb4 32. Bxb4 Rc8 33.
Rxc8 Kxc8 34. h4 h5 35. g3 fxg3 36. Kg2 Kd7 37. Kxg3 Bg7 38. a4 Bf6 39. a5 Kc7
40. Be1 Kb7 41. f4 Ka6 42. Kf3 Kb5 43. Ke3 Ka6 44. f5 g5 45. hxg5 Bxg5+ 46. Kf3
Bf6 47. Kg3 Kb5 48. Kh3 Ka6 49. Bh4 Kxa5 50. Bxf6 exf6 51. Kh4 1-0

[Event "FRA T.IV"]
[Site "Toulouse"]
[Date "2005.02.06"]
[Round "?"]
[White "Thet, Sylvain"]
[Black "Maigne, Daniel"]
[Result "1-0"]
[WhiteElo "1780"]
[BlackElo "1499"]
[PlyCount "79"]
[EventDate "2005.??.??"]
[EventType "team-match"]
[EventCountry "FRA"]

1. Nf3 d6 2. c4 Nf6 3. d4 a6 4. Nc3 Bg4 5. e4 g6 6. Be2 Bg7 7. h3 Bc8 8. O-O
Nc6 9. Be3 O-O 10. Qd2 e5 11. Rad1 exd4 12. Nxd4 Nxd4 13. Bxd4 Be6 14. Be3 Qc8
15. Kh2 Rb8 16. Bh6 b5 17. Bxg7 Kxg7 18. cxb5 axb5 19. Bxb5 Nxe4 20. Qd4+ Nf6
21. Ne4 Qd8 22. a4 d5 23. Nc5 Kg8 24. Rfe1 Nh5 25. Nxe6 Qd6+ 26. Kg1 fxe6 27.
Rc1 Ng7 28. Rc6 Qe7 29. Qxd5 Rbd8 30. Qc5 Qf6 31. Rxc7 Rd5 32. Qc2 Rf5 33. Rc8
Nh5 34. Rxf8+ Kxf8 35. Qc8+ Kg7 36. Qxe6 Qxb2 37. Qe7+ Kh6 38. Qe3+ Nf4 39. g3
Qxf2+ 40. Kxf2 1-0

[Event "FRA T.IV"]
[Site "Toulouse"]
[Date "2005.02.06"]
[Round "?"]
[White "Tugaye, Francis"]
[Black "Berthelot, Nathan"]
[Result "1-0"]
[WhiteElo "2110"]
[BlackElo "1660"]
[PlyCount "58"]
[EventDate "2005.??.??"]
[EventType "team-match"]
[EventCountry "FRA"]

1. d4 Nf6 2. c4 g6 3. Nc3 Bg7 4. e4 d6 5. h3 O-O 6. Bg5 Nbd7 7. Bd3 c6 8. Qd2
Re8 9. Nge2 c5 10. d5 Ne5 11. Ng3 Bd7 12. Be2 Bc8 13. Be3 Qa5 14. O-O Rb8 15.
f4 Ned7 16. Kh1 a6 17. a4 h5 18. Bd3 Qc7 19. e5 dxe5 20. f5 e4 21. Ngxe4 Ne5
22. fxg6 fxg6 23. d6 Qc6 24. Nxf6+ Bxf6 25. Be4 Qd7 26. Nd5 Kg7 27. Bh6+ Kf7
28. Nxf6 exf6 29. Bd5+ Re6 1-0

[Event "FRA T.IV"]
[Site "Toulouse"]
[Date "2005.02.06"]
[Round "?"]
[White "Van Hall, Pieter"]
[Black "Ratsiambahotra, Tahiry"]
[Result "1/2-1/2"]
[WhiteElo "1890"]
[BlackElo "1499"]
[PlyCount "38"]
[EventDate "2005.??.??"]
[EventType "team-match"]
[EventCountry "FRA"]

1. d4 Nf6 2. Bg5 Ne4 3. Bf4 g5 4. Be5 f6 5. e3 h5 6. Bd3 d5 7. f3 Be6 8. fxe4
fxe5 9. exd5 Bxd5 10. Bg6+ Kd7 11. dxe5 e6 12. e4 c6 13. exd5 cxd5 14. Qf3 Nc6
15. Qf7+ Be7 16. Bd3 Qa5+ 17. Nd2 Raf8 18. Qg7 Rfg8 19. Qf7 Rf8 1/2-1/2

[Event "FRA T.IV"]
[Site "Toulouse"]
[Date "2005.02.06"]
[Round "?"]
[White "Verges, Jean"]
[Black "Viaud, Thierry"]
[Result "1/2-1/2"]
[WhiteElo "1730"]
[BlackElo "1660"]
[PlyCount "134"]
[EventDate "2005.??.??"]
[EventType "team-match"]
[EventCountry "FRA"]

1. Nf3 Nf6 2. d4 d5 3. c4 c6 4. Nc3 e6 5. e3 Nbd7 6. Qc2 Bd6 7. g4 Qa5 8. Bd2
Bb4 9. g5 Ne4 10. Nxe4 dxe4 11. Qxe4 Bxd2+ 12. Nxd2 Qxg5 13. O-O-O Rb8 14. Be2
g6 15. Rhg1 Qa5 16. Kb1 Nf6 17. Qf4 Qf5+ 18. Qxf5 exf5 19. h4 Be6 20. b3 Ke7
21. h5 b5 22. hxg6 fxg6 23. d5 cxd5 24. cxb5 Ne4 25. Nxe4 dxe4 26. Rc1 Rhc8 27.
Bc4 Rd8 28. Rh1 h5 29. Rhg1 Bxc4 30. Rxc4 Rb6 31. Rc6 Rxc6 32. bxc6 Kf6 33. c7
Rc8 34. Rc1 h4 35. b4 Ke7 36. Rc6 Kd7 37. Rxg6 Rxc7 38. Rf6 Rb7 39. Rf7+ Kc6
40. Rf6+ Kd7 41. a3 a5 42. Rxf5 axb4 43. axb4 Rxb4+ 44. Kc2 Ra4 45. Rf4 h3 46.
Rh4 Ra2+ 47. Kc3 Rxf2 48. Rxh3 Rf3 49. Rh7+ Kd6 50. Kd4 Rf6 51. Kxe4 Re6+ 52.
Kd4 Re5 53. Rh6+ Re6 54. Rh5 Rg6 55. e4 Ke6 56. Ra5 Rg4 57. Ra6+ Kf7 58. Kd5
Rg5+ 59. e5 Ke7 60. Ra7+ Ke8 61. Ke6 Rg6+ 62. Kf5 Rb6 63. e6 Rb1 64. Ra5 Rf1+
65. Ke5 Re1+ 66. Kd6 Rd1+ 67. Kc6 Ke7 1/2-1/2

[Event "FRA T.IV"]
[Site "Toulouse"]
[Date "2005.02.06"]
[Round "?"]
[White "Verwaerde, Herve"]
[Black "Blesing, Rene"]
[Result "1-0"]
[WhiteElo "1730"]
[BlackElo "1700"]
[PlyCount "123"]
[EventDate "2005.??.??"]
[EventType "team-match"]
[EventCountry "FRA"]

1. e4 Nf6 2. Nc3 e5 3. Bc4 Bc5 4. d3 d6 5. Bg5 Bxf2+ 6. Kxf2 Ng4+ 7. Qxg4 Bxg4
8. Bxd8 Kxd8 9. h3 Bd7 10. Nf3 Rf8 11. Rhf1 h6 12. Ke2 Nc6 13. a3 a6 14. Kd2
Ne7 15. g4 b5 16. Ba2 Ng6 17. Nd5 Rb8 18. Ne3 Nf4 19. d4 f6 20. dxe5 dxe5 21.
Rad1 c6 22. Kc1 Kc7 23. h4 b4 24. a4 Ne2+ 25. Kb1 Ng3 26. Rfe1 Nxe4 27. Nf5
Bxf5 28. gxf5 Nc5 29. a5 Rb5 30. Rg1 Rxa5 31. Rxg7+ Kb6 32. Nd2 Kb5 33. Nc4 Ra4
34. Bb3 a5 35. Bxa4+ Nxa4 36. Nd6+ Kc5 37. Ne4+ Kb6 38. Rdd7 Nc5 39. Nxc5 Kxc5
40. Rg6 a4 41. Rxh6 b3 42. Rg6 e4 43. cxb3 axb3 44. h5 e3 45. Kc1 Ra8 46. Kd1
Ra2 47. Ke2 Rxb2+ 48. Kxe3 Rh2 49. Rd1 Rxh5 50. Rxf6 Kb4 51. Kd2 Rh3 52. Rb1 c5
53. Rf8 c4 54. Rb8+ Kc5 55. Rc1 Rh2+ 56. Kc3 Rh3+ 57. Kb2 Rh2+ 58. Kb1 Kd5 59.
Rc8 Rh4 60. R8xc4 Rxc4 61. Rxc4 Kxc4 62. f6 1-0

[Event "FRA T.IV"]
[Site "Toulouse"]
[Date "2005.03.15"]
[Round "?"]
[White "Verwaerde, Herve"]
[Black "Parpinel, Mario"]
[Result "0-1"]
[WhiteElo "1730"]
[BlackElo "1770"]
[PlyCount "93"]
[EventDate "2005.??.??"]
[EventType "team-match"]
[EventCountry "FRA"]

1. e4 e5 2. Nf3 Nc6 3. d4 exd4 4. Bc4 Be7 5. O-O d6 6. c3 Bg4 7. cxd4 Bxf3 8.
Qxf3 Nf6 9. Rd1 O-O 10. a3 Qd7 11. Nc3 a6 12. b4 Qg4 13. Qxg4 Nxg4 14. Nd5 Bd8
15. Bb2 Nf6 16. Nc3 b5 17. Bb3 Re8 18. f3 Ne7 19. Ne2 c6 20. e5 dxe5 21. dxe5
Nfd5 22. Rac1 Bb6+ 23. Bd4 Bxd4+ 24. Nxd4 Rac8 25. Nxc6 Rxc6 26. Rxc6 Nxc6 27.
Rxd5 Rd8 28. f4 Kf8 29. g3 Rxd5 30. Bxd5 Nd4 31. Be4 Nb3 32. Bb7 a5 33. Ba6
axb4 34. axb4 Nd4 35. Kf2 Ke7 36. Ke3 Nc2+ 37. Ke4 Nxb4 38. Bxb5 g6 39. h4 f5+
40. Kd4 Nc2+ 41. Kc3 Ne3 42. Be2 Nd5+ 43. Kd4 Nc7 44. h5 g5 45. fxg5 Ne6+ 46.
Kd5 Nxg5 47. Bg4 0-1

[Event "FRA T.IV"]
[Site "Toulouse"]
[Date "2005.04.04"]
[Round "?"]
[White "Verwaerde, Herve"]
[Black "Rouede, Gilbert"]
[Result "1-0"]
[WhiteElo "1730"]
[BlackElo "1842"]
[PlyCount "69"]
[EventDate "2005.??.??"]
[EventType "team-match"]
[EventCountry "FRA"]

1. e4 c5 2. b4 cxb4 3. a3 Nc6 4. axb4 Nxb4 5. Ba3 Nc6 6. Nf3 d6 7. Bc4 Nf6 8.
Nc3 g6 9. Ng5 e6 10. O-O Bg7 11. d4 a6 12. Nf3 Qc7 13. Re1 Na5 14. Bxd6 Qxc4
15. Rxa5 Qxc3 16. Rc5 Qb2 17. d5 Qb6 18. dxe6 Bxe6 19. Rc7 Nd7 20. e5 Bf8 21.
Ng5 Be7 22. Nxe6 fxe6 23. Rxd7 Kxd7 24. Bc5+ Kc7 25. Bxb6+ Kxb6 26. Qd7 Rhe8
27. Rb1+ Kc5 28. Qc7+ Kd4 29. f3 Bc5 30. Kf1 Re7 31. c3+ Kc4 32. Rb4+ Kd5 33.
Rd4+ Bxd4 34. Qxe7 Bxc3 35. Qxb7+ 1-0

[Event "FRA T.IV"]
[Site "Toulouse"]
[Date "2005.03.15"]
[Round "?"]
[White "Videau, Yannick"]
[Black "Mauge, Christian"]
[Result "1-0"]
[WhiteElo "1810"]
[BlackElo "1690"]
[PlyCount "57"]
[EventDate "2005.??.??"]
[EventType "team-match"]
[EventCountry "FRA"]

1. e4 c6 2. d4 d6 3. Nc3 g6 4. f4 Nf6 5. Nf3 Bg4 6. h3 Bxf3 7. Qxf3 Bg7 8. Be3
Nfd7 9. Bd3 Qa5 10. O-O Qb4 11. e5 Qxb2 12. Ne4 Qb6 13. f5 dxe5 14. fxg6 f6 15.
dxe5 Nxe5 16. Qg3 Qd8 17. gxh7 Rxh7 18. Nc5 Kf7 19. Bxh7 Qh8 20. Bf5 Bh6 21.
Be6+ Ke8 22. Bxh6 Qxh6 23. Rad1 Qg6 24. Qxg6+ Nxg6 25. Rd4 Kf8 26. Rd8+ Kg7 27.
Rf3 Na6 28. Rxa8 Nxc5 29. Bc4 1-0

[Event "FRA T.IV"]
[Site "Toulouse"]
[Date "2005.02.06"]
[Round "?"]
[White "Videau, Yannick"]
[Black "Pokee, Anne Josephe"]
[Result "1/2-1/2"]
[WhiteElo "1810"]
[BlackElo "1991"]
[PlyCount "132"]
[EventDate "2005.??.??"]
[EventType "team-match"]
[EventCountry "FRA"]

1. e4 e5 2. Nf3 d6 3. d4 exd4 4. Nxd4 Be7 5. Bc4 Nf6 6. Nc3 Nc6 7. Nxc6 bxc6 8.
Qe2 Be6 9. f3 O-O 10. Be3 Bxc4 11. Qxc4 Qd7 12. Rd1 Rfd8 13. O-O Qe8 14. Qe2
Nd7 15. Qf2 Nb6 16. b3 Bf6 17. Bd4 Bxd4 18. Qxd4 Nd7 19. Ne2 Nf6 20. Rfe1 c5
21. Qf2 a5 22. Nc3 Qc6 23. Qe2 Rab8 24. Rd2 Re8 25. a3 h6 26. Qc4 Nd7 27. Qd5
Qb6 28. Red1 c4+ 29. Kf1 cxb3 30. cxb3 Nf6 31. Qc4 Qxb3 32. Qxb3 Rxb3 33. Nd5
Nxd5 34. Rxd5 Rxa3 35. Rc1 Re7 36. Rc6 a4 37. Ra5 Ra2 38. Ra7 a3 39. Rca6 d5
40. Rxa3 Rxa3 41. Rxa3 dxe4 42. Re3 f5 43. Kf2 Kf7 44. fxe4 fxe4 45. Rc3 Ke6
46. Ke3 Kd5 47. Rc1 c5 48. Rd1+ Kc6 49. Rc1 g5 50. Ra1 h5 51. Ra6+ Kd5 52. Rh6
h4 53. Rg6 Re5 54. Rg8 Kc4 55. h3 Kc3 56. Rb8 c4 57. Rc8 Kb3 58. Rb8+ Ka4 59.
Rc8 Kb4 60. Kd4 Re7 61. Rxc4+ Kb3 62. Rc3+ Kb2 63. Re3 Rf7 64. Rxe4 Rf2 65. Rg4
Rf5 66. Kd3 Kb3 1/2-1/2

[Event "FRA T.IV"]
[Site "Toulouse"]
[Date "2005.04.03"]
[Round "?"]
[White "Videau, Yannick"]
[Black "Tromp, Hendrik Jan"]
[Result "0-1"]
[WhiteElo "1810"]
[BlackElo "1980"]
[PlyCount "81"]
[EventDate "2005.??.??"]
[EventType "team-match"]
[EventCountry "FRA"]

1. e4 c5 2. Nf3 d6 3. d4 cxd4 4. Nxd4 Nf6 5. Nc3 Nc6 6. Bc4 Qb6 7. Be3 Qxb2 8.
Ndb5 Qb4 9. Bd3 Qa5 10. Qd2 a6 11. Nd4 g6 12. O-O Bg7 13. Nb3 Qc7 14. Bh6 O-O
15. Bxg7 Kxg7 16. f4 Bd7 17. Kh1 Nb4 18. a3 Rac8 19. axb4 Qxc3 20. Qxc3 Rxc3
21. Nd4 d5 22. e5 Ne4 23. Rf3 Rfc8 24. Re1 Bf5 25. h3 h5 26. g3 Bxh3 27. Bxe4
dxe4 28. Rxc3 Rxc3 29. Rxe4 Kf8 30. Kh2 Bd7 31. Kg2 Rc4 32. Kf2 Ke8 33. c3 Rxc3
34. Ne2 Rb3 35. Rd4 Bb5 36. Nc1 Rc3 37. Ne2 Rc2 38. Re4 Rxe2+ 39. Rxe2 Bxe2 40.
Kxe2 Kd7 41. Kd3 0-1

[Event "FRA T.IV"]
[Site "Toulouse"]
[Date "2005.10.16"]
[Round "1"]
[White "Artis, Francois"]
[Black "Buiten, Herman"]
[Result "1-0"]
[WhiteElo "1760"]
[BlackElo "1690"]
[PlyCount "43"]
[EventDate "2005.??.??"]
[EventType "team-match"]
[EventCountry "FRA"]

1. e4 c5 2. c3 Nc6 3. d4 cxd4 4. cxd4 a6 5. d5 Na7 6. Be3 d6 7. Nc3 Bd7 8. Rc1
b5 9. b4 Nf6 10. Be2 g6 11. g4 e5 12. dxe6 Bxe6 13. g5 Nd7 14. Bxa7 Qxg5 15.
Be3 Qf6 16. Nf3 h6 17. Nd5 Bxd5 18. Qxd5 Qd8 19. e5 dxe5 20. Nxe5 Bxb4+ 21. Kf1
Nf6 22. Qxf7# 1-0

[Event "FRA T.IV"]
[Site "Toulouse"]
[Date "2005.??.10"]
[Round "1"]
[White "Aspinall, John"]
[Black "Egea, Claude"]
[Result "1-0"]
[WhiteElo "1840"]
[BlackElo "1670"]
[PlyCount "113"]
[EventDate "2005.??.??"]
[EventType "team-match"]
[EventCountry "FRA"]

1. d3 Nf6 2. e4 e5 3. Nf3 Nc6 4. c3 d5 5. Nbd2 dxe4 6. dxe4 Bd6 7. Be2 O-O 8.
O-O b6 9. Qc2 Bb7 10. Re1 Qe7 11. Nc4 Rfd8 12. Bg5 Qe6 13. Ne3 Ne7 14. Nd2 Ng6
15. Bc4 Qd7 16. Bxf6 gxf6 17. Nf5 Kh8 18. Nh6 Rf8 19. Nf3 Qe8 20. Qb3 Kg7 21.
Nf5+ Kh8 22. Rad1 Rd8 23. Rd2 Ne7 24. N3h4 Nxf5 25. Nxf5 Bc8 26. Nxd6 Rxd6 27.
Rxd6 cxd6 28. Rd1 Qe7 29. Rd3 f5 30. Bd5 f4 31. Qd1 Rd8 32. Qh5 Be6 33. Qd1 f5
34. f3 fxe4 35. fxe4 Bxd5 36. Rxd5 Qe6 37. Qf3 Qg6 38. Kf2 h5 39. Rd3 Qg4 40.
Qxg4 hxg4 41. h3 g3+ 42. Kf3 Kg7 43. b3 Kf6 44. c4 Ke7 45. Rd5 Rd7 46. a4 Ke6
47. Rd1 a6 48. Rd5 Rc7 49. Rd1 Rc5 50. Rd5 Rxd5 51. cxd5+ Kf7 52. Kg4 Kf6 53.
Kf3 Kg5 54. Ke2 Kh5 55. Kf3 Kh4 56. Ke2 f3+ 57. Kxf3 1-0

[Event "FRA T.IV"]
[Site "Toulouse"]
[Date "2005.??.10"]
[Round "1"]
[White "Beaurain, Louis"]
[Black "Taravaud, Evelyne"]
[Result "1-0"]
[WhiteElo "1820"]
[BlackElo "1640"]
[PlyCount "85"]
[EventDate "2005.??.??"]
[EventType "team-match"]
[EventCountry "FRA"]

1. d4 Nf6 2. Bf4 g6 3. Nf3 Bg7 4. e3 d6 5. h3 O-O 6. Be2 Nbd7 7. O-O Re8 8. c3
Ne4 9. Nbd2 Nxd2 10. Qxd2 e5 11. dxe5 dxe5 12. Bg5 f6 13. Bc4+ Kh8 14. Bh4 Qe7
15. Rad1 c6 16. Qc2 Nc5 17. Nd2 Bf5 18. e4 Bd7 19. Nf3 g5 20. Bg3 b5 21. Be2
Rf8 22. Nd2 Be8 23. b4 Nb7 24. Nb3 Bg6 25. f3 a5 26. Bf2 Qe6 27. Nc5 Nxc5 28.
Bxc5 Rfe8 29. Rd6 Qg8 30. Rxc6 axb4 31. c4 Bf8 32. Rb1 Ra4 33. cxb5 Rxa2 34.
Rb2 Rea8 35. Bxf8 Ra1+ 36. Kh2 Qxf8 37. Ra6 Rc8 38. Qd2 Rac1 39. Qxb4 Qf7 40.
b6 Qe8 41. b7 Rb8 42. Qd6 Rxb7 43. Rxb7 1-0

[Event "FRA T.IV"]
[Site "Toulouse"]
[Date "2005.10.16"]
[Round "1"]
[White "Blesing, Alicia"]
[Black "Stas, Jean"]
[Result "1/2-1/2"]
[WhiteElo "1730"]
[BlackElo "1490"]
[PlyCount "152"]
[EventDate "2005.??.??"]
[EventType "team-match"]
[EventCountry "FRA"]

1. e4 c5 2. Nf3 d6 3. Nc3 a6 4. d4 cxd4 5. Nxd4 Nf6 6. Bd3 Nc6 7. Nxc6 bxc6 8.
Bf4 Qa5 9. O-O e6 10. a3 Bb7 11. b4 Qc7 12. Re1 Nd7 13. Bg3 Ne5 14. f4 Nxd3 15.
cxd3 Qb6+ 16. Bf2 Qd8 17. d4 g6 18. Rc1 Bg7 19. e5 d5 20. Na4 Bf8 21. Nc5 Bxc5
22. bxc5 Rb8 23. Qg4 h5 24. Qh3 h4 25. Be3 Rc8 26. g4 a5 27. g5 a4 28. Rb1 Ba6
29. Rb4 Bb5 30. Reb1 Ke7 31. Bf2 Qa5 32. Be1 Qa8 33. Bxh4 Kd7 34. Qg4 Bd3 35.
R1b2 Bf5 36. Qg3 Rb8 37. Qe1 Rxb4 38. Rxb4 Bc2 39. Bg3 Bb3 40. Rb6 Qa7 41. Qb4
Kc7 42. h4 Rb8 43. Rxb8 Qxb8 44. Qa5+ Kc8 45. Be1 Qb7 46. Qb6 Qxb6 47. cxb6 Kb7
48. Ba5 Ka6 49. Kf2 Kb7 50. Ke3 Bc4 51. Kd2 c5 52. dxc5 d4 53. Kc2 Kc6 54. Be1
Ba6 55. Bb4 Kd5 56. b7 Bxb7 57. Kd1 Ba6 58. Ke1 Bb5 59. Kd1 Ke4 60. Bd2 Kf3 61.
Ke1 Bc6 62. Kf1 Kg4 63. Kf2 Kxh4 64. Kf1 Kg4 65. Ke2 Bb5+ 66. Kf2 Kf5 67. Kf3
Bc6+ 68. Ke2 Ke4 69. Kf2 Kd3 70. Be1 Kc4 71. Bb4 Kd3 72. Ba5 Be4 73. Bb4 Kc2
74. Ke2 Bc6 75. Bd2 Bd5 76. Bb4 Be4 1/2-1/2

[Event "FRA T.IV"]
[Site "Toulouse"]
[Date "2005.10.16"]
[Round "1"]
[White "Bougouin, Blaise"]
[Black "Vainguer, Guillaume"]
[Result "0-1"]
[WhiteElo "1620"]
[BlackElo "1760"]
[PlyCount "74"]
[EventDate "2005.??.??"]
[EventType "team-match"]
[EventCountry "FRA"]

1. Nf3 d5 2. d4 Nf6 3. Nc3 h6 4. e3 e6 5. a3 c5 6. Be2 Nc6 7. O-O Be7 8. b3 O-O
9. Bb2 a6 10. Na4 Ne4 11. Bd3 b6 12. c4 Bb7 13. Qc2 cxd4 14. Nxd4 Nc5 15. Nxc5
bxc5 16. Nxc6 Bxc6 17. Rfd1 Qb6 18. cxd5 Bxd5 19. Bc4 Rfd8 20. Bxd5 exd5 21.
Bc3 Rd7 22. Rab1 Rc8 23. Qf5 Qe6 24. Qf3 Qg6 25. Rbc1 Qe6 26. Qg3 d4 27. exd4
cxd4 28. Bb2 Rxc1 29. Rxc1 Bg5 30. Rc8+ Kh7 31. Qd3+ Qg6 32. Qxg6+ Kxg6 33.
Rc6+ f6 34. g3 d3 35. Bc3 Bc1 36. Bxf6 gxf6 37. Rxc1 Kf5 0-1

[Event "FRA T.IV"]
[Site "Toulouse"]
[Date "2005.10.16"]
[Round "1"]
[White "Brauckmann, Hartwick"]
[Black "Cordier, Michel"]
[Result "1-0"]
[WhiteElo "1710"]
[BlackElo "1570"]
[PlyCount "81"]
[EventDate "2005.??.??"]
[EventType "team-match"]
[EventCountry "FRA"]

1. d4 Nf6 2. c4 e6 3. Nc3 d5 4. Bg5 Be7 5. e3 b6 6. cxd5 Nxd5 7. Bxe7 Qxe7 8.
Nf3 c6 9. Rc1 Bb7 10. Be2 Nd7 11. O-O O-O 12. Re1 Rac8 13. a3 c5 14. Qa4 Nxc3
15. bxc3 a5 16. Qb3 cxd4 17. cxd4 Bd5 18. Qb2 Qd6 19. Ba6 Rb8 20. Bb5 Nf6 21.
Ne5 Rfd8 22. Bc6 h5 23. Bxd5 exd5 24. Nc6 Ng4 25. g3 h4 26. Nxd8 hxg3 27. fxg3
Rxd8 28. Rc3 f5 29. Qc2 Qf8 30. Rf1 g6 31. h3 Nf6 32. Rc6 Rd6 33. a4 Ne4 34.
Kg2 Kg7 35. Rc8 Rd8 36. Qc7+ Kh6 37. Rxd8 Qa3 38. Rh8+ Kg5 39. Qd8+ Nf6 40. h4+
Kg4 41. Rf4# 1-0